• 首页
  • 本馆介绍
  • 公告通知
  • 最新文献
  • 馆藏检索
  • 电子资源
  • 读者导购
  • 参考咨询
  • 我的图书馆
  • 登录
  • 详细信息显示
  • 放入我的书架
  • 预约/预借图书
  • 作者相关作品
  • 分类相关作品
  • 丛书相关作品
  • 出版社相关作品

书目信息

  • 表格格式
  • 工作单格式
  • 卡片格式
题名:
教育神经科学在课堂
    
 
作者: 吉克 著 ;周加仙 主译
分册:  
出版信息: 上海   上海教育出版社有限公司  2020.05
页数: 11, 218页
开本: 24cm
丛书名: 教育神经科学译丛
单 册:
中图分类: G40-056
科图分类:
主题词: 教育学--jiao yu xue--神经科学
电子资源:
ISBN: 978-7-5444-7408-5
000 01471nam 2200301 450
001 0109110022
005 20201109110331.0
010    @a978-7-5444-7408-5@dCNY49.00
100    @a20200824d2020 em y0chiy50 ea
101 1  @achi@ceng
102    @aCN@b310000
105    @aa z 001yy
106    @ar
200 1  @a教育神经科学在课堂@Ajiao yu shen jing ke xue zai ke tang@dThe brain at school@eeducational neuroscience in the classroom@f(澳)约翰·G.吉克(John G. Geake)著@g周加仙主译@zeng
210    @a上海@c上海教育出版社有限公司@d2020.05
215    @a11, 218页@c图@d24cm
225 2  @a教育神经科学译丛@Ajiao yu shen jing ke xue yi cong@f周加仙译丛主编
300    @a国家出版基金项目上海市“十三五”重点图书项目上海文化发展基金会图书出版专项基金资助项目
306    @a由上海教育出版社和麦格劳-希尔教育出版公司合作出版
330    @a本书作者主要关注神经科学对教育的意义,侧重学习、智力以及动机等方面的研究,如:大脑是如何学习的?为什么有些学习者学习会感到困难(如阅读障碍等)?如何将脑科学研究成果运用于教学设计以及课程设计?还分析了“基于脑”的一些错误主张,为教师在教学中运用神经科学提供了有益的建议。
461  0 @12001 @a教育神经科学译丛
510 1  @aBrain at school@eeducational neuroscience in the classroom@zeng
606 0  @a教育学@Ajiao yu xue@x神经科学
690    @aG40-056@v5
701  0 @c(澳)@a吉克@Aji ke@c(Geake, John G.)@4著
702  0 @a周加仙@Azhou jia xian@c(女)@4主译
801  0 @aCN@bBJSZM@c20201103
905    @b1263886-90@dG40-056@e1174@f5
    
    教育神经科学在课堂=The brain at school:educational neuroscience in the classroom/(澳)约翰·G.吉克(John G. Geake)著/周加仙主译.-上海:上海教育出版社有限公司,2020.05
    11, 218页:图;24cm.-(教育神经科学译丛/周加仙译丛主编)
    国家出版基金项目上海市“十三五”重点图书项目上海文化发展基金会图书出版专项基金资助项目
    
    ISBN 978-7-5444-7408-5:CNY49.00
    本书作者主要关注神经科学对教育的意义,侧重学习、智力以及动机等方面的研究,如:大脑是如何学习的?为什么有些学习者学习会感到困难(如阅读障碍等)?如何将脑科学研究成果运用于教学设计以及课程设计?还分析了“基于脑”的一些错误主张,为教师在教学中运用神经科学提供了有益的建议。
●
相关链接 在E读中查询图书 在五车中查询图书 在当当中查询图书 在豆瓣中查询图书


正题名:教育神经科学在课堂     索取号:G40-056/1174         预约/预借

序号 登录号 条形码 馆藏地/架位号 状态 备注
1 1263886   212638868   第一样本阅览室/ [索取号:G40-056/1174] 在馆    
2 1263887   212638877   教育系资料室/ [索取号:G40-056/1174] 在馆    
3 1263888   212638886   教育系资料室/ [索取号:G40-056/1174] 在馆    
4 1263889   212638895   第四借阅区/ [索取号:G40-056/1174] 在馆    
5 1263890   212638902   第四借阅区/ [索取号:G40-056/1174] 在馆    
欢迎您!
大连网信软件有限公司© 版权所有